[Event "Koop Tjuchem op"]
[Site "Groningen"]
[Date "1996.??.??"]
[Round "4"]
[White "Schleining, Zoya"]
[Black "Cifuentes Parada, Roberto"]
[Result "0-1"]
[WhiteElo "2350"]
[BlackElo "2500"]
[Annotator "Cifuentes Parada,L"]
[PlyCount "40"]
[EventDate "1996.12.20"]
[EventType "swiss"]
[EventRounds "11"]
[EventCountry "NED"]
[SourceTitle "CBM 057"]
[Source "ChessBase"]
[SourceDate "1997.04.01"]
[SourceVersion "1"]
[SourceVersionDate "1997.04.01"]
[SourceQuality "1"]

1. d4 d5 2. c4 dxc4 3. Nf3 c5 4. e4 Nf6 5. Nc3 cxd4 6. Qxd4 Qxd4 7. Nxd4 e5 8.
Ndb5 Kd8 $5 (8... Na6) 9. f4 $6 $146 (9. Be3 Be6 10. Nxa7 Nbd7 11. f3 Bb4 12.
a3 $6 Bxc3+ 13. bxc3 Kc7 14. a4 b6 15. a5 Rhb8 16. Be2 Kb7 17. Nb5 Kc6 18. Na3
Rxa5 $17 {Gisbergen-Cifuentes/ Amsterdam (ch) 1994}) (9. Bxc4 $1 a6 10. Na3 Be6
(10... b5 $6 11. Bd5 Nxd5 12. Nxd5 $14) 11. Bxe6 fxe6 12. Nc4 Nbd7 $14) 9... a6
10. fxe5 Nxe4 $3 (10... axb5 11. exf6 gxf6 12. Nxb5 $14) 11. Nxe4 axb5 12. Bg5+
Kc7 13. O-O-O Bg4 $1 14. Rd8 Rxa2 15. Nd6 (15. Nc3 Ra1+ 16. Kd2 Be7 $1 17. Bxe7
(17. Rxh8 Bxg5+ 18. Kc2 Rc1# {mate}) 17... Rxd8+ 18. Bxd8+ Kxd8 19. Nxb5 Nc6
$19) 15... Ra1+ 16. Kd2 (16. Kc2 Nc6 17. Re8 Bd7 $19) 16... f6 $1 $19 17. Be2 (
17. exf6 Rd1+ $1 (17... gxf6 18. Nxb5+ Kb6 19. Nc3 fxg5 20. Rxb8 Bd7 $1 $19 {
xRb8}) 18. Ke3 Rxd6 (18... Bxd6 $2 19. Rxh8 Bc5+ 20. Kf4 Rd4+ 21. Kg3 Bd6+ 22.
Kf2 $13) 19. Rxd6 Bxd6 20. fxg7 Re8+ $19) 17... Rxh1 (17... Kxd8 $2 18. Rxa1
Bxd6 19. exf6 $15) 18. Bxg4 Kxd8 19. exf6 gxf6 20. Bxf6+ Be7 0-1

[Event "Tata Steel-B 82nd"]
[Site "Wijk aan Zee"]
[Date "2020.01.24"]
[Round "11"]
[White "Smirnov, Anton"]
[Black "Anton Guijarro, David"]
[Result "0-1"]
[WhiteElo "2604"]
[BlackElo "2694"]
[Annotator "Edouard,R"]
[PlyCount "122"]
[EventDate "2020.01.11"]
[EventType "tourn"]
[EventRounds "13"]
[EventCountry "NED"]
[EventCategory "15"]
[SourceTitle "CBM 194"]
[Source "ChessBase"]
[SourceDate "2020.01.27"]
[SourceVersion "1"]
[SourceVersionDate "2020.01.27"]
[SourceQuality "1"]

1. d4 Nf6 2. c4 e6 3. Nf3 d5 4. Nc3 dxc4 5. e4 Bb4 6. Bxc4 Nxe4 7. O-O Nxc3 8.
bxc3 Bd6 $5 {An interesting alternative to the more common 8...Be7.} 9. Qe2 {
Here White has tried many other moves. Let's have a look at the most recent or
most concrete ideas.} (9. Ng5 {has been played the more often.} h6 10. Qh5 $5 {
The most recent try.} (10. Ne4 O-O 11. Re1 Nd7 12. Qf3 {is the start of
another long line.}) 10... O-O 11. Ne4 (11. Re1 hxg5 12. Bxg5 Be7 13. Bd3 f5
14. Bxe7 Qxe7 15. Bxf5 Rxf5 16. Qxf5 {1-0 (36) Sulskis,S (2577)-Lupulescu,C 
(2657) Porto Carras 2011} Nc6 $5) 11... f5 (11... Nd7 {may also hold, as} 12.
Bxh6 {only leads to a draw:} gxh6 13. Qxh6 Re8 14. Qh5 (14. Rae1 Bf8 15. Qh3
Nf6 16. Ng5 Bg7 17. f4 b5 $1 18. Bxb5 Re7 19. Bc4 {wasn't enough for White in
the game Mamedyarov,S (2719)-Morozevich,A (2750) Moscow 2009, 0-1 (32), had
Black played} Bb7 $5 {for example.}) 14... Kg7 $8 (14... Nf8 $2 15. f4 $1 Ng6
16. f5 Qh4 17. Qxh4 Nxh4 18. Nf6+ Kf8 19. Nxe8 Kxe8 20. Rae1 $16 {1-0 (34)
Zhao,X (2506)-Batsiashvili,N (2485) Iran 2016}) 15. Qg4+ Kf8 16. Qh5 $11) 12.
Nxd6 cxd6 13. Re1 $5 (13. Bxh6 {forces a draw:} gxh6 (13... Qc7 14. Qg6 d5 15.
Bb3 Rf6 16. Qe8+ Rf8 17. Qg6 Rf6 {½-½ (17) Nikolaidis,I (2493)-Drozdovskij,Y
(2624) Greece 2010}) 14. Qg6+ Kh8 15. Qxh6+ Kg8 16. Qg6+ Kh8 17. Qh6+ Kg8 18.
Qg6+ {½-½ (18) Lenic,L (2644)-Aronian,L (2758) Batumi 2019}) 13... Rf6 $5 (
13... d5 14. Bb3 Nc6 {is also playable}) 14. Bf4 d5 15. Bd3 Nc6 16. Rab1 $5 b6
17. h4 {White definitely has compensation, but it is very hard to prove more.}
Bd7 $6 (17... Ne7 $5 {with the idea of ...Ng6 was stronger.}) 18. Re3 Qf8 19.
Rbe1 $36 {½-½ (37) Keymer,V (2500)-Praggnanandhaa,R (2539) Wijk aan Zee 2019}
) (9. Re1 O-O (9... Nd7 $2 {loses in incredible fashion:} 10. Bxe6 $1 fxe6 $2
11. Rxe6+ Kf8 12. Ng5 $1 Nf6 13. Qb3 $1 Qd7 14. Ba3 $1 Bxa3 15. Qxa3+ Kg8 16.
Qb3 Kf8 17. Qb4+ Kg8 18. Re7 $18) 10. Ne5 $5 {This was Nakamura's try in 2019.}
({And} 10. Bg5 {was Nihal's:} Qe8 11. Qd3 Nc6 12. Bb3 f6 13. Bh4 Qg6 $13 {
½-½ (59) Nihal,S (2610)-Sarana,A (2655) Cap d'Agde 2019}) 10... Nd7 11. Qg4
Nf6 $5 (11... Nxe5 12. dxe5 f5 $1 {should be simpler:} 13. exf6 Qxf6 $13) 12.
Qg3 Nh5 13. Qh3 g6 14. Bh6 Re8 15. g4 Ng7 16. Re3 (16. Bd3 $5 Rf8 $1 $13) 16...
f6 $13 {½-½ (59) Nakamura,H (2749)-Duda,J (2731) Saint Louis 2019}) 9... Nd7
({Starting with} 9... O-O {shouldn't change much.}) 10. Re1 O-O 11. Bd3 Re8 12.
Bg5 Be7 $146 {Not a bad novelty, but I do not see anything wrong with what has
been played before.} (12... f6 13. Bh4 Nf8 14. Rab1 c6 $6 (14... c5 $1 $15) 15.
Nd2 b6 16. Ne4 Be7 17. Bg3 Bb7 18. a4 $44 {0-1 (69) Cuenca Jimenez,J (2490)
-Salgado Lopez,I (2627) Las Palmas 2017}) 13. h4 Nf8 $5 (13... c5 14. d5 $14) (
13... h6 14. Qe4 Nf8 {should be playable as well.}) 14. Bxe7 Qxe7 {As in most
positions in this line, White has compensation due to his extra space, but it
is difficult to prove an advantage.} 15. Rab1 (15. h5 h6 {doesn't help.}) 15...
Rb8 16. Be4 c5 17. Ne5 Nd7 18. h5 cxd4 (18... h6 19. Bc2 (19. Nxd7 Bxd7 20.
Bxb7 Red8 $11) (19. Nxf7 $6 Qxf7 20. Bg6 Qf8 21. Bxe8 Qxe8 $17) 19... Nxe5 20.
dxe5 {looks unpleasant for Black, as Qe4/e4 is coming. However, after} b6 $1
21. Qe4 Kf8 22. Qh7 Qg5 $8 23. f4 Qg4 $8 {Black might be fine.}) 19. cxd4 Nxe5
20. dxe5 b6 21. h6 g6 22. Qd2 Rd8 23. Qf4 Bb7 24. Rbc1 (24. Bxb7 {is a forced
draw:} Rxb7 25. Red1 Rbd7 26. Rxd7 Rxd7 27. Rc1 Qd8 28. Rc6 Rd5 29. Qc4 Rc5 $11
) 24... Rd4 25. f3 Bxe4 26. fxe4 Rbd8 27. Rf1 Kf8 28. Kh2 {The position is
drawish. Black doesn't have enough space to really hope to win, but White is a
pawn down. The one who pushes too much loses, as the game proves!} Ke8 29. Rc6
Rd2 30. Rfc1 R2d7 31. R1c2 Rd4 32. Rf2 R4d7 33. Kh3 Rd3+ 34. g3 R3d7 35. Rfc2
Rd1 36. Kg4 R1d4 37. Kh3 Rd3 38. Kg4 R3d4 39. Kh3 Rd3 40. Rc7 R3d7 41. Qc1 Kf8
42. Rc8 Rxc8 43. Rxc8+ Rd8 44. Rc7 Rd7 45. Rc8+ Rd8 46. Rc7 Rd7 47. Rb7 $2 (47.
Rc8+ $11) 47... Qd8 $1 {And suddenly White is worse.} 48. Qa3+ Kg8 49. Qxa7
Rxb7 50. Qxb7 Qf8 $1 51. Kg2 (51. Qxb6 Qxh6+ 52. Kg4 Qd2 $19) 51... Qxh6 52.
Qb8+ Kg7 53. Qxb6 Qd2+ 54. Qf2 (54. Kf3 Qxa2 {is hopeless as White, as he has
so many weaknesses.}) 54... Qxf2+ $1 (54... Qa5 {is also good, but the text
move wins.}) 55. Kxf2 Kf8 56. g4 h6 57. Ke3 Ke7 58. Kd4 Kd7 59. Kc5 Kc7 60. a3
Kb7 61. a4 Ka6 {White cannot handle both his a-pawn and Black's h-pawn.} 0-1

[Event "Bundesliga 1819"]
[Site "Germany"]
[Date "2019.03.02"]
[Round "10.4"]
[White "Edouard, Romain"]
[Black "Huschenbeth, Niclas"]
[Result "1-0"]
[WhiteElo "2636"]
[BlackElo "2586"]
[Annotator "Edouard,R"]
[PlyCount "81"]
[EventDate "2018.11.10"]
[EventType "team-tourn"]
[EventRounds "15"]
[EventCountry "GER"]
[SourceTitle "CBM 189 Extra"]
[Source "ChessBase"]
[SourceDate "2019.06.03"]
[SourceVersion "1"]
[SourceVersionDate "2019.06.03"]
[SourceQuality "1"]
[WhiteTeam "Werder Bremen"]
[BlackTeam "Hamburger SK"]
[WhiteTeamCountry "GER"]
[BlackTeamCountry "GER"]

1. c4 e6 2. Nf3 d5 3. d4 Nf6 4. Nc3 dxc4 5. Bg5 {Not a very threatening move,
but with less forcing theory than after 5.e4!} a6 6. a4 Bb4 $6 {Just not a
right move - Black should enter an Isolated Pawn position, and there the
bishop should better be on e7.} (6... c5 7. e3 (7. d5 Be7 $132) 7... cxd4 8.
exd4 Be7 9. Bxc4 Nc6 10. O-O O-O {and Black transposes in a theoretical Slav
position with the extra move ...a7-a6.}) (6... Nc6 7. e3 Na5 8. Ne5 h6 9. Bh4
Be7 10. Nxc4 Nxc4 11. Bxc4 {should also be a little better for White.}) 7. e3
h6 8. Bh4 g5 $6 {A wrong direction.} (8... c5 9. Bxc4 $14) 9. Bg3 Ne4 10. Qc2
Nxg3 11. hxg3 Nc6 (11... c5 12. dxc5 $16) 12. Bxc4 Bd7 (12... g4 13. Nd2 $16)
13. O-O-O $1 Bxc3 $8 {Otherwise 14.d5 and White wins!} 14. Qxc3 (14. d5 {
was my first intention, but then I couldn't exactly assess it:} Bf6 $1 (14...
exd5 $2 {just loses after} 15. Qxc3) (14... Bg7 15. dxe6 $1 fxe6 16. Qg6+ Kf8
17. Bxe6 Bxe6 18. Rxd8+ Nxd8 19. Rd1 {is crushing}) 15. dxc6 $1 (15. dxe6 {
no longer works:} fxe6 16. Bxe6 Bxe6 17. Qg6+ Ke7 $17) 15... bxc6 16. Qe4 $1 {
The idea I missed - but a difficult one I must admit. With the bishop on g7
Black would have ...Qf6 here. As a result, White stands much better.} Qe7 17.
Ne5 Qb4 18. Rd2 $1 Bxe5 19. Qxe5 Qxc4+ 20. Rc2 Qxa4 21. Qxh8+ Ke7 22. Qxh6 $16)
14... Qf6 15. Nd2 Ne7 (15... O-O-O 16. Ne4 Qe7 17. Nc5 $16) 16. Ne4 Qg7 17. Nc5
Bc6 18. e4 (18. Bxe6 $2 b6 $17) 18... b6 (18... O-O {was a better move
objectively:} 19. d5 exd5 20. exd5 Be8 $8 (20... Qxc3+ 21. bxc3 Be8 22. Rxh6
$18) 21. d6 (21. Bb3 $5) 21... cxd6 22. Rxd6 Rc8 23. Rdxh6 Qxc3+ 24. bxc3 Rxc5
25. Rh8+ Kg7 26. R1h7+ Kg6 27. Bd3+ Nf5 28. Rxf8 Kxh7 29. Rxe8 Kg7 $16) 19.
Nxa6 O-O 20. Qb4 $1 Ng6 21. d5 exd5 22. exd5 Bd7 23. Bb5 $1 Ne5 (23... Bxb5 24.
axb5 $16) 24. f4 Bxb5 25. axb5 Nd7 26. Qc3 Qg6 $6 (26... Nf6 $142) 27. Qc2 Qf6
$2 (27... Qg7 28. Kb1 $18) 28. Qc6 $1 Qxc6+ 29. dxc6 Nc5 30. Nxc7 Ra4 31. Kb1
Kg7 32. Nd5 $6 Ra5 33. Ne7 Ne6 34. f5 Nc7 35. Rd6 Rfa8 36. f6+ Kh7 37. Rdd1 g4
$8 (37... Rxb5 38. Rxh6+ $1 $18) 38. Rh5 Nxb5 39. Rxb5 $1 Rxb5 40. c7 Rc5 41.
Rd8 (41. Rc1 $4 {was the last trick:} Ra1+ $19) 1-0

[Event "Olympiad-42"]
[Site "Baku"]
[Date "2016.09.08"]
[Round "6.1"]
[White "Wang, Yue"]
[Black "Mareco, Sandro"]
[Result "0-1"]
[WhiteElo "2737"]
[BlackElo "2606"]
[Annotator "Ftacnik,L"]
[PlyCount "74"]
[EventDate "2016.09.02"]
[EventType "team-swiss"]
[EventRounds "11"]
[EventCountry "AZE"]
[SourceTitle "CBM 175"]
[Source "ChessBase"]
[SourceDate "2016.11.10"]
[SourceVersion "1"]
[SourceVersionDate "2016.11.10"]
[SourceQuality "1"]
[WhiteTeam "China"]
[BlackTeam "Argentina"]
[WhiteTeamCountry "CHN"]
[BlackTeamCountry "ARG"]

1. Nf3 Nf6 2. c4 e6 3. Nc3 d5 4. d4 dxc4 5. e4 b5 $5 {[%mdl 4] Chess theory is
a very dynamic system with surprises waiting in many corners. Black is
refusing to suffer in the standard lines like 5...Bb4 and hits the centre
indirectly with an active b-pawn move.} 6. e5 Nd5 (6... b4 $6 7. exf6 bxc3 8.
fxg7 Bxg7 9. bxc3 Qd5 10. Qa4+ Bd7 11. Qxc4 Qxc4 12. Bxc4 c5 13. Ba3 cxd4 14.
cxd4 Bc6 15. Rc1 Nd7 16. Be2 $16 {1-0 (26) Shneider,A (2560)-Kovalchuk,I
Alushta 1998}) 7. Nxb5 (7. a4 c6 8. Ng5 h6 9. Nge4 b4 10. Nb1 Ba6 11. Nbd2 Nf4
12. Qg4 Nd3+ 13. Bxd3 cxd3 14. O-O h5 15. Qf4 Be7 16. Nc5 Bxc5 17. dxc5 Nd7 18.
Ne4 O-O 19. Bd2 Qc7 20. Nd6 Nxc5 21. Bxb4 $11 {1/2-1/2 (26) Zakharevich,I 
(2532)-Ivanov,V (2427) Moscow 1999}) 7... Nb6 8. Be2 {The line became a hot
topic in the last two years, but White is visibly struggling to get some
advantage against active piece play by Black.} (8. Be3 Nc6 9. Be2 Bb4+ 10. Nc3
O-O 11. O-O Bb7 12. Qc2 Be7 13. Qe4 Kh8 14. Rfd1 Rb8 15. Qg4 Nb4 16. Rac1 N4d5
17. Nd2 Nxc3 18. Rxc3 Nd5 19. Rcc1 f5 20. exf6 gxf6 21. Nf3 $11 {0-1 (38)
Santiago,Y (2427)-Perez Ponsa,F (2577) Buenos Aires 2016}) 8... Nc6 (8... Be7
9. h4 Nc6 (9... Ba6 10. Nc3 Nc6 11. Be3 Nb4 12. b3 O-O 13. h5 Nd3+ 14. Bxd3
cxd3 15. h6 g6 16. Ne4 Nd5 17. Bg5 f6 18. exf6 Nxf6 19. Bxf6 Bxf6 20. Nxf6+
Rxf6 $15 {0-1 (36) L'Ami,A (2342)-Mastrovasilis,A (2538) Skopje 2016}) 10. Bg5
h6 11. Bxe7 Qxe7 12. Qd2 Bb7 13. a4 a6 14. Na3 Nxa4 15. Rh3 O-O 16. Nc2 Nxb2
17. Rb1 Nd3+ 18. Bxd3 cxd3 19. Qxd3 Rab8 $17 {0-1 (47) Krysa,L (2464)-Peralta,
F (2560) Buenos Aires 2015}) 9. O-O Be7 10. Be3 O-O 11. Qc1 {Even the
superstrong Chinese player is not able to change the nature of the position
and its intrinsic value. Black seem to be doing fine despite the novel
approach by White.} (11. a3 Na5 12. Qc2 Bb7 13. Rad1 Qd7 14. Nc3 Qc6 15. Rfe1
Rfd8 16. Bf1 h6 17. Bd2 Nb3 18. Bc1 Qe8 19. Ne4 Qa4 20. Nc3 Qe8 21. Ne4 {
1/2-1/2 (24) Anton Guijarro,D (2635)-Del Rio de Angelis,S (2511) Linares 2015})
(11. Rc1 Ba6 12. Nc3 Nb4 13. b3 cxb3 14. Bxa6 b2 15. Rb1 Nxa6 16. Qe2 Nb4 17.
Rxb2 N4d5 18. Nxd5 Nxd5 19. Rc2 Rb8 20. Bd2 Qd7 21. Rfc1 Qa4 22. Qc4 $11 {
1/2-1/2 (63) Pavlidis,A (2380)-Mastrovasilis,A (2541) Achaea 2016}) (11. Nd2
Ba6 (11... a6 12. Bf3 axb5 13. Bxc6 Rb8 $11) 12. a4 Bxb5 13. axb5 Nxd4 14. Nxc4
Nxe2+ 15. Qxe2 Qd5 16. Na5 Qxe5 17. Nc6 Qd6 18. Rac1 Nd5 19. Rfd1 Rfe8 20. Bc5
Qxc5 21. Rxc5 Bxc5 22. g3 $16 {1/2-1/2 (38) Nihal,S (2349)-Del Rio de Angelis,
S (2541) Port de Pollenca 2016}) 11... Ba6 (11... Nb4 $5 12. Na3 (12. Bxc4 Nxc4
13. Qxc4 Ba6 14. Bd2 Qd5 15. Qxc7 Bxb5 16. Qxe7 Bxf1 17. Qxb4 Be2 $15) 12...
Nd3 13. Qc2 Bxa3 14. bxa3 Ba6 $11) 12. Nc3 Bb7 (12... Nb4 13. Rd1 Rb8 14. Ne4
$14) 13. Rd1 Rb8 $2 {Mareco is guilty of remarkable complacency, White was
obviously concentrating his forces in the centre for a purpose. The d-pawn
advance to d5 had to be stopped.} (13... Na5 14. Qc2 Rb8 15. Ne4 $14) 14. d5 $1
Nb4 (14... Nxd5 15. Nxd5 exd5 16. Bxc4 Na5 17. Bd3 $16) (14... exd5 15. Bxb6
axb6 (15... cxb6 16. Nxd5 Qe8 17. Qxc4 $16) 16. Nxd5 Qc8 17. Qxc4 $16) 15. dxe6
Qe8 16. exf7+ Qxf7 (16... Rxf7 $2 17. Bxb6 axb6 18. Bxc4 $18) 17. Ne1 {We will
have to remember that it is much easier to judge unusual positions after home
analyses with the computer. Wang is missing the chance to crown his strategy
with the active approach - b3.} (17. Qb1 c5 18. b3 $1 $16) 17... Kh8 (17... Qe6
18. a4 (18. f4 g5 19. fxg5 Qxe5 20. Kh1 Rbe8 $132) 18... a5 19. Nb5 Qxe5 20.
Bxc4+ $14) 18. a3 (18. b3 $5 Nc6 19. Nf3 Qg6 20. Qb1 Nxe5 21. Qxg6 Nxg6 22.
bxc4 $14) 18... Nc6 (18... N4d5 19. Nxd5 Bxd5 20. Qc2 $16) 19. Nf3 Qg6 20. Qb1
Rf5 (20... Nxe5 $5 21. Qxg6 Nxg6 22. Nd2 $14) 21. Nd5 $1 (21. Bxb6 axb6 22. Rd5
Na5 $11) 21... Nxd5 22. Rxd5 Rbf8 $6 {The Argentinian player fails to fight
against White's centralisation with the timely combination with the
elimination of the dangerous e5-pawn.} (22... Nd8 23. Rd7 $16) (22... Nxe5 $5
23. Nxe5 Qe6 24. Rb5 Rxe5 25. Bxc4 Qc6 26. Qf1 Rxe3 27. Bd5 Qxb5 28. Qxb5 Re5
29. Qd7 Rd8 30. Qxd8+ Bxd8 31. Bxb7 $14) 23. Qe4 $1 Na5 (23... Nd8 24. Nd4 Rxf2
25. Qxg6 hxg6 26. Bxf2 Bxd5 27. Nb5 $16) 24. Rad1 {If you ever read about the
importance of centralisation it woud be difficult to find more clear-cut
example. The loss of the exchange on d5 is not that important, as White has
near ideal pieces.} c5 25. h3 (25. Nh4 Bxh4 26. Qxh4 Bxd5 27. Rxd5 Nc6 28. Rd6
Qe8 29. e6 $16) (25. Qc2 Bxd5 26. Rxd5 Qc6 27. Rd1 $16) 25... Qb6 26. g4 R5f7 (
26... Rxf3 27. Bxf3 Nb3 28. Bg2 Nd4 29. Rd2 $16) 27. Nd2 $2 {The old wisdom
about pressure can be shown to be one of the basic truths in chess. Even the
best players find it difficult to play their best when they are feeling the
heat from the opponent.} (27. e6 $1 Rf6 28. Ng5 g6 (28... Rg6 29. Nxh7 Rxe6 30.
Qc2 Bxd5 31. Rxd5 Rf7 32. Ng5 Bxg5 33. Rxg5 $18) 29. Qe5 Bxd5 30. Rxd5 Nc6 31.
Qc3 $16) 27... Bxd5 $6 (27... Qxb2 28. e6 Rf6 $11) 28. Qxd5 Qxb2 29. Bxc4 $2 {
Wang has lost his belief that he can concentrate on his own advantage and does
not have to primarily fight the initiative of the opponent.} (29. e6 $1 Rf6 30.
Qd7 Qb7 31. Nxc4 Qxd7 32. exd7 Nxc4 33. Bxc4 $16) 29... Nxc4 30. Nxc4 (30. Qxc4
Qxe5 $17) 30... Qe2 31. Rd2 Qe1+ 32. Kg2 Bh4 $1 {Mareco could have only
dreamed about concentrated forces directed against white king. White will miss
the great tactical trick of his adversary and it will all end up in tears.} 33.
Qxc5 (33. e6 $1 Rxf2+ 34. Bxf2 Rxf2+ 35. Rxf2 Qxf2+ 36. Kh1 Qe1+ 37. Kg2 Qg3+
38. Kh1 Qxh3+ 39. Kg1 Qxg4+ 40. Kf1 Qf4+ 41. Ke2 h6 $17) 33... Rf3 34. e6 Rg3+
$1 35. fxg3 Qf1+ 36. Kh2 Bxg3+ 37. Kxg3 Rf3+ {The white king will be mated as
Black has managed to focus all his pieces towards spirited counterplay.} (37...
Rf3+ 38. Kh4 Qxh3+ (38... Rxh3+ 39. Kg5 Qf6#) 39. Kg5 Qh6#) 0-1

[Event "Budapest Honved"]
[Site "Budapest"]
[Date "1991.??.??"]
[Round "?"]
[White "Stefansson, Hannes"]
[Black "Baburin, Alexander"]
[Result "0-1"]
[WhiteElo "2470"]
[BlackElo "2480"]
[Annotator "Ftacnik,L"]
[PlyCount "42"]
[EventDate "1991.??.??"]
[EventType "tourn"]
[EventRounds "11"]
[EventCountry "HUN"]
[EventCategory "9"]
[SourceTitle "CBM 027"]
[Source "ChessBase"]
[SourceDate "1992.04.01"]
[SourceVersion "1"]
[SourceVersionDate "1992.04.01"]
[SourceQuality "1"]

1. d4 d5 2. c4 dxc4 3. Nf3 a6 4. a4 Nf6 5. e3 Bg4 6. Bxc4 e6 7. h3 Bh5 8. Nc3
Nc6 9. O-O (9. g4 Bg6 10. Nh4 Bb4 11. Nxg6 hxg6 12. Qf3 Na5 13. Ba2 c5 14. O-O
cxd4 15. exd4 Qxd4 16. Rd1 $146 {Garcia_Gonzales-Garcia_Palermo/Bayamo/1983/})
9... Bb4 10. g4 Bg6 11. Nh4 Bxc3 12. bxc3 Ne4 (12... Be4 13. Ng2 $14 (13. f3
Bd5 14. Bxd5 Nxd5 15. Qe1 Nxc3 $15)) 13. Nxg6 hxg6 14. Kg2 (14. Qf3 Ng5 $17)
14... Qh4 15. Qf3 O-O-O (15... Ng5 16. Qg3 Qxg3+ (16... Qxh3+ $2 17. Qxh3 Nxh3
18. f4 $16) 17. fxg3 $22 Rxh3 18. e4 $1) 16. Rh1 (16. Qxe4 Qxh3+ 17. Kg1 Qh2#)
16... f5 $1 17. Bxe6+ Kb8 18. gxf5 Rh5 19. Qf4 $2 (19. fxg6 $5 Ng5 20. Qg4 Nxe6
21. Qxe6 Rg5+ 22. Kf1 Rf8 23. Ra2 Qh5 $40) 19... Rg5+ 20. Kf3 (20. Kf1 Qh5 $40)
20... Qxf2+ 21. Kxe4 Qc2+ {Ftacnik,L} (21... Qc2+ 22. Kf3 Qg2#) 0-1

[Event "URS-ch58"]
[Site "Moscow"]
[Date "1991.??.??"]
[Round "5"]
[White "Shneider, Aleksandr"]
[Black "Ibragimov, Ildar"]
[Result "1-0"]
[WhiteElo "2540"]
[BlackElo "2485"]
[Annotator "Ftacnik,L"]
[PlyCount "73"]
[EventDate "1991.11.??"]
[EventType "swiss"]
[EventRounds "11"]
[EventCountry "URS"]
[SourceTitle "URS-ch"]
[Source "ChessBase"]
[SourceDate "1999.07.01"]
[SourceVersion "1"]
[SourceVersionDate "1999.07.01"]
[SourceQuality "1"]

1. d4 d5 2. Nf3 Nf6 3. c4 dxc4 4. Nc3 a6 5. e4 b5 6. e5 Nd5 7. a4 Nxc3 8. bxc3
Qd5 9. g3 Bb7 10. Bg2 Qd7 11. Ba3 g6 12. O-O Bg7 13. Re1 (13. e6 fxe6 14. Bc5
O-O 15. Ne5 Qc8 16. Bxe7 Re8 17. Bg5 Bxg2 18. Kxg2 Qb7+ 19. Kg1 c5 $13 {
Smirin,O-Ibragimov,I/Podolsk/1990/}) 13... O-O 14. e6 (14. Bc5 Bd5 15. Ng5 Nc6
16. e6 fxe6 17. Qg4 Bxg2 18. Kxg2 Qd5+ 19. f3 e5 20. Ne6 exd4 21. cxd4 b4 22.
Nxc7 h5 23. Qe6+ Qxe6 24. Rxe6 Nxd4 $17 {Zakharov,I-Ibragimov,I/Smolensk/1991/}
) 14... fxe6 15. Ne5 Qc8 16. Bh3 Bd5 $8 17. Bxe7 Re8 18. Bg5 c5 (18... Nd7 19.
Ng4 $40) 19. dxc5 Qxc5 (19... Nd7 $5 20. Ng4 $40 (20. Nxd7 Qxd7 21. axb5 axb5
22. Rxa8 Rxa8 23. Qxd5 Qxd5 24. Bxe6+ Qxe6 25. Rxe6 Bxc3 $13)) 20. Be3 Qc7 21.
Bf4 Qb7 (21... g5 $2 22. Qh5 $16) 22. Ng4 Bxc3 (22... Nd7 23. Nh6+ Kh8 24. Nf7+
Kg8 25. Nd6 $16) 23. Nh6+ Kh8 24. axb5 axb5 (24... Bxe1 25. Be5+ $18) 25. Rxa8
Qxa8 26. Bxe6 $1 Qa1 (26... Bxe6 27. Rxe6 Nc6 28. Qd7 Rxe6 29. Qxe6 $40) (26...
Rxe6 27. Rxe6 Bxe6 28. Qd8+ Kg7 29. Qe7+ Kh8 30. Qf8+ Bg8 31. Nf7#) 27. Qxa1
Bxa1 28. Rxa1 Rxe6 (28... Bxe6 29. Be5#) 29. Bxb8 b4 (29... Bf3 30. Be5+ Rxe5
31. Nf7+ Kg7 32. Nxe5 $18) 30. Ba7 Kg7 (30... Re4 31. Rd1 $18) 31. Ng4 c3 32.
Ne3 Be4 33. Bc5 b3 (33... Rc6 34. Bxb4 c2 35. Bd2 $18) 34. Bd4+ Kg8 35. Bxc3
Rd6 36. Rd1 Rc6 37. Bb2 {Ftacnik,L} 1-0